| 000 | 00595nam a2200217 a 4500 | ||
|---|---|---|---|
| 001 | 12556 | ||
| 003 | CO-ViMGA | ||
| 008 | 141112s2004 ck r 000 u spa d | ||
| 020 | _a84742383 | ||
| 040 |
_aCO-ViMGA _bspa _cCO-ViMGA |
||
| 082 | 0 | 4 | _a575.1 C19g |
| 100 | 1 |
_aLuca, Luigi _918115 |
|
| 245 | 1 | 0 | _aGenes Pueblos y Lenguas |
| 260 |
_aBarcelona : _bCritica, _c1997 |
||
| 300 | _a235p. : il. | ||
| 650 | 1 | 4 |
_aCULTURA - HISTORIA _955226 |
| 650 | 1 | 4 | _aGENética |
| 650 | 1 | 4 |
_aGENética DE POBLACION HUMANA - InvestigaciónES _918116 |
| 650 | 1 | 4 |
_aLENGUAJE - HISTORIA _918117 |
| 942 |
_2ddc _cBK |
||
| 999 |
_c23551 _d23551 |
||